| 000 | 00421 a2200133 4500 | ||
|---|---|---|---|
| 001 | ART_5904 | ||
| 005 | 20260410161828.0 | ||
| 008 | 260409a | ||
| 245 | 1 | 0 | _aChoosing the extent of private participation in public services |
| 100 | 1 | _aChisari, Omar O. | |
| 700 | 1 | _aLambardi, Germán | |
| 700 | 1 | _aRomero, Carlos A. | |
| 773 | 0 |
_tEstudios Económicos _g- Vol. 26, Nº 52 (ene./jun. 2009) _wREV5080 |
|
| 999 |
_c22999 _d22999 |
||